La estructura geológica y los yacimientos petrolíferos del distrito minero de Orán, provincia de Salta, (Record no. 25431)

MARC details
000 -LEADER
fixed length control field 00899cam a22002411 4500
001 - CONTROL NUMBER
control field gs 14000762
003 - CONTROL NUMBER IDENTIFIER
control field DLC
005 - DATE AND TIME OF LATEST TRANSACTION
control field 20260227111316.0
008 - FIXED-LENGTH DATA ELEMENTS--GENERAL INFORMATION
fixed length control field 891014s1914 ag ab b 000 0 spa
010 ## - LIBRARY OF CONGRESS CONTROL NUMBER
LC control number gs 14000762
035 ## - SYSTEM CONTROL NUMBER
System control number (OCoLC)20492856
040 ## - CATALOGING SOURCE
Original cataloging agency DLC
Transcribing agency CU
Modifying agency CU
-- DLC
042 ## - AUTHENTICATION CODE
Authentication code premarc
050 00 - LIBRARY OF CONGRESS CALL NUMBER
Classification number QE231
Item number .A28 no. 9
100 1# - MAIN ENTRY--PERSONAL NAME
Personal name Bonarelli, Guido,
Dates associated with a name 1871-
245 03 - TITLE STATEMENT
Title La estructura geológica y los yacimientos petrolíferos del distrito minero de Orán, provincia de Salta,
Statement of responsibility, etc. por el geólogo Dr. Guido Bonarelli.
260 ## - PUBLICATION, DISTRIBUTION, ETC.
Place of publication, distribution, etc. Buenos Aires,
Name of publisher, distributor, etc. Talleres gráficos del Ministerio de agricultura,
Date of publication, distribution, etc. 1914.
300 ## - PHYSICAL DESCRIPTION
Extent 43 p.
Other physical details illus., fold. map, diagr.
Dimensions 27 cm.
410 10 - SERIES STATEMENT/ADDED ENTRY--CORPORATE NAME [OBSOLETE, CAN/MARC], [LOCAL, USA]
Corporate name or jurisdiction name as entry element Argentina.
Subordinate unit Dirección General de Minas y Geología.
Title of a work Boletin
Volume number/sequential designation no. 9, serie B (Geologia)
504 ## - BIBLIOGRAPHY, ETC. NOTE
Bibliography, etc. note "Bibliografía": p. [7]-9.
650 #0 - SUBJECT ADDED ENTRY--TOPICAL TERM
Topical term or geographic name entry element Geology
Geographic subdivision Argentina.
650 #0 - SUBJECT ADDED ENTRY--TOPICAL TERM
Topical term or geographic name entry element Petroleum
Geographic subdivision Argentina.

No items available.

Powered by Koha